| 000 | 01089nam a2200265 a 4500 | ||
|---|---|---|---|
| 001 | 000043745 | ||
| 003 | DO-SdBNP | ||
| 005 | 20240402134029.0 | ||
| 007 | ta | ||
| 008 | 090715s2014 dr 000 0 spa d | ||
| 040 |
_aDO-SdBNP _bspa _cBNPHU |
||
| 082 | 4 | _222 | |
| 110 | 1 |
_aRepública Dominicana _9447 |
|
| 240 | 1 | 0 | _a[Código procesal penal ] |
| 245 | 1 | 0 |
_aNuevo código procesal penal de la República Dominicana del 2 de 2002 (mod. por la leyes 278-04 y 176-07 y dec.318-05:) : _bLey 76-02 : legislación complementaria modificada y ampliada / _cTrajano Vidal Potentini, Salvador Potentini. |
| 246 | 1 | 0 |
_aLey 76-02 : _blegislación complementaria modificada y ampliada. |
| 250 | _a4a. ed. rev. | ||
| 260 |
_aMoca, República Dominicana : _bDalis, _c2014. |
||
| 300 |
_a338, 28, 11 p. ; _c24 cm. |
||
| 500 | _aExposición esquematizada del contenido de las reformas índice de materia | ||
| 500 | _a4a ed. revisada con la edición de la Suprema y ampliada. | ||
| 700 | 1 |
_aPotentini Adames, Trajano Vidal _973577 |
|
| 700 | 1 |
_aPotentini, Salvador _967426 |
|
| 942 |
_2ddc _cLBS1 |
||
| 999 |
_c43234 _d43234 |
||